[Event "Oslo International 2014"]
[Site "Oslo NOR"]
[Date "2014.09.29"]
[Round "2.17"]
[White "Bjerke, Richard"]
[Black "Haugli, Petter"]
[Result "1-0"]
[WhiteTitle "FM"]
[BlackTitle "IM"]
[WhiteElo "2172"]
[BlackElo "2277"]
[WhiteFideId "1500252"]
[BlackFideId "1500104"]
[EventDate "2014.09.28"]

1. e4 e6 2. d4 d5 3. Nd2 c5 4. Ngf3 Nc6 5. dxc5 Bxc5 6. Bd3 Nf6 7. Qe2 Nb4 8. e5
Nxd3+ 9. cxd3 Nd7 10. O-O O-O 11. Nb3 Be7 12. Nbd4 Nc5 13. Be3 Bd7 14. Rac1 Rc8
15. Rc2 Qa5 16. Rfc1 Qa6 17. Rc3 Rfd8 18. a3 Na4 19. Rxc8 Rxc8 20. Rxc8+ Bxc8
21. Qc2 Nb6 22. Qc7 Qxd3 23. Ne1 Qb1 24. Nf3 Bf8 25. Bxb6 axb6 26. b4 Qb3 27.
Ng5 1-0

[Event "Oslo International 2014"]
[Site "Oslo NOR"]
[Date "2014.09.30"]
[Round "3.3"]
[White "Gara, Anita"]
[Black "Romanov, Evgeny"]
[Result "1-0"]
[WhiteTitle "IM"]
[BlackTitle "GM"]
[WhiteElo "2322"]
[BlackElo "2647"]
[WhiteFideId "709751"]
[BlackFideId "4148843"]
[EventDate "2014.09.28"]

1. e4 e6 2. d4 d5 3. Nd2 c5 4. exd5 exd5 5. Bb5+ Nc6 6. Ngf3 Bd6 7. dxc5 Bxc5 8.
O-O Ne7 9. Nb3 Bd6 10. c3 O-O 11. h3 Bf5 12. Bg5 h6 13. Bxe7 Nxe7 14. Nbd4 Be4
15. Bd3 Ng6 16. Re1 Qb6 17. Bxe4 dxe4 18. Nd2 Bf4 19. Nc4 Qa6 20. Qb3 Rfe8 21.
Rad1 Rac8 22. Nb5 Rc5 23. Ncd6 Re6 24. Qb4 Bxd6 25. Nxd6 Rc6 26. Nf5 Rc4 27.
Rd8+ Kh7 28. Qb3 Rb6 29. Qd1 Rxb2 30. Nd6 Rc7 31. Nxe4 Qb5 32. Rd5 Qc6 33. Ng5+
hxg5 34. Qh5+ Kg8 35. Rd8+ 1-0

[Event "Oslo International 2014"]
[Site "Oslo NOR"]
[Date "2014.10.02"]
[Round "6.11"]
[White "Djurovic, Goran"]
[Black "Mihajlov, Svetoslav"]
[Result "1-0"]
[WhiteTitle "IM"]
[WhiteElo "2408"]
[BlackElo "2154"]
[WhiteFideId "14509938"]
[BlackFideId "1507168"]
[EventDate "2014.09.28"]

1. c4 Nf6 2. Nf3 c6 3. d4 d5 4. e3 e6 5. Nbd2 Nbd7 6. b3 Bd6 7. Bb2 O-O 8. Bd3
c5 9. O-O cxd4 10. exd4 b6 11. Qe2 Bb7 12. Ne5 Rc8 13. f4 Nb8 14. g4 g6 15. g5
Nh5 16. Qe3 Ng7 17. Ng4 Nd7 18. Nh6+ Kh8 19. Nf3 Nf5 20. Nxf5 exf5 21. c5 Re8
22. Qd2 Bf8 23. b4 Bg7 24. Ne5 Nxe5 25. fxe5 Bf8 26. Qf4 Re6 27. Rac1 Be7 28. h4
h6 29. Rf3 bxc5 30. bxc5 Ba6 31. Bc2 Be2 32. Rg3 Bg4 33. Rxg4 fxg4 34. Qxf7 Qg8
35. Qf4 h5 36. Rf1 Rf8 37. Qc1 Rd8 38. Bb3 Rc6 39. Qf4 Rf8 40. Qg3 Rd8 41. Qf2
Kg7 42. Bc1 Qe6 43. Qe3 Rdc8 44. Rf6 Bxf6 45. gxf6+ Kf7 46. Qh6 Ke8 47. Qh8+ Kd7
48. Qg7+ Ke8 49. Bxd5 1-0

[Event "Oslo International 2014"]
[Site "Oslo NOR"]
[Date "2014.10.02"]
[Round "6.19"]
[White "Wieweg, Johnny"]
[Black "Lillevold, Frode"]
[Result "1-0"]
[WhiteTitle "FM"]
[WhiteElo "2140"]
[BlackElo "2199"]
[WhiteFideId "1700421"]
[BlackFideId "1502913"]
[EventDate "2014.09.28"]

1. e4 e5 2. Nc3 Nf6 3. Bc4 Nc6 4. d3 Bb4 5. Ne2 d5 6. exd5 Nxd5 7. O-O Bxc3 8.
Nxc3 Be6 9. Bxd5 Bxd5 10. Qg4 Ne7 11. Re1 Ng6 12. f4 Be6 13. f5 Bd7 14. Qe4 Bc6
15. Qe3 Nh4 16. Qxe5+ Kf8 17. Ne4 Qd5 18. Qxd5 Bxd5 19. Rf1 g6 20. Bh6+ Kg8 21.
Nf6# 1-0

[Event "Oslo International 2014"]
[Site "Oslo NOR"]
[Date "2014.10.04"]
[Round "8.7"]
[White "Hansen, Torbjorn Ringdal"]
[Black "Manea, Alexandru"]
[Result "1/2-1/2"]
[WhiteTitle "IM"]
[BlackTitle "IM"]
[WhiteElo "2476"]
[BlackElo "2368"]
[WhiteFideId "1501720"]
[BlackFideId "1207660"]
[EventDate "2014.09.28"]

1. c4 c6 2. Nf3 d5 3. g3 Nf6 4. Bg2 Bg4 5. Ne5 Bc8 6. O-O Nbd7 7. d4 e6 8. Nc3
Be7 9. Bf4 O-O 10. Rc1 Nh5 11. Bd2 g6 12. Nxd7 Bxd7 13. e4 dxc4 14. Bh6 Ng7 15.
d5 exd5 16. exd5 Re8 17. Bxg7 Kxg7 18. dxc6 Bxc6 19. Bxc6 bxc6 20. Na4 Qd5 21.
Qc2 Bg5 22. Rcd1 Qe4 23. Qxe4 Rxe4 24. Nc3 Re6 25. Rd4 Rb8 26. Rb1 Bf6 27. a3
Rb4 28. Rf4 g5 29. Rg4 h5 30. Rd4 1/2-1/2